export_success — 

Asian water : directory 2007-2008.

Bibliographic Details
Format: Book
Published: Kuala Lumpur: Syed Hussain Publications, 2007.
Edition:Malaysia-Singapore ed.
Subjects:
LEADER 00752cam a2200193 7i4500
001 0000021667
005 20081007090000.0
090 0 0 |a ASIA 628.1   |b ASI 
245 0 0 |a Asian water :   |b directory 2007-2008. 
250 0 0 |a Malaysia-Singapore ed. 
260 0 0 |a Kuala Lumpur:   |b Syed Hussain Publications,   |c 2007. 
300 # # |a 278 p. 
650 0 0 |a Water --   |x Directories --   |z Asia  
651 0 0 |a Asia  
999 |a 0000022901  |b Directories  |c Regions  |e Business Information Centre 
999 |a 0000022902  |b Directories  |c Regions  |e Business Information Centre 
999 |a PNG000785H  |b Directories  |c Regions  |e MATRADE Northern Regional Office 
999 |a SRW000191H  |b Directories  |c Regions  |e MATRADE Sarawak 
999 |a TRG000041H  |b Directories  |c Regions  |e MATRADE Eastern Regional Office